Finančná integrácia EÚ v pokrízových súradniciach

Integrácia finančných trhov v EMU. Globálna finančná kríza a aktivity na stabilizáciu finančného sektora. Pokrízové nastavenie finančnej architektúry. Finančná stabilita a úloha ECB. Transatlantický dialóg a jeho pokrízová perspektíva. Projekt bankovej únie na podporu európskej finančnej integrácie.

Saved in:
Bibliographic Details
Main Author: Vašková, Vanda
Format: Book Chapter
Language:Slovak
Subjects:
Tags: Add Tag
No Tags, Be the first to tag this record!

MARC

LEADER 00000nla a2200000 4500
001 0176007
005 20240213123512.3
041 0 |a slo 
044 |a SK 
245 1 0 |a Finančná integrácia EÚ v pokrízových súradniciach  |c Vanda Vašková 
520 |a Integrácia finančných trhov v EMU. Globálna finančná kríza a aktivity na stabilizáciu finančného sektora. Pokrízové nastavenie finančnej architektúry. Finančná stabilita a úloha ECB. Transatlantický dialóg a jeho pokrízová perspektíva. Projekt bankovej únie na podporu európskej finančnej integrácie. 
610 2 0 |a trh finančný medzinárodný 
610 2 0 |a integrácia 
610 2 0 |a stabilita finančná 
610 2 0 |a Európska centrálna banka 
610 2 0 |a Európska menová únia 
610 2 0 |a kríza finančná 
100 1 |a Vašková, Vanda